01081nam a2200193Ia 4500001001100000003001000011008004100021040002500062041001300087100002100100245001500121250001100136260006300147300001200210500026000222501011400482520026000596650003100856L922-42206IT-CnALBA170116s9999||||xx |||||||||||||| ||und|| aIT-CnALBAcIT-CnALBA aITALIANO aDERMENGHEM EMILE 0aMAOMETTO.  a1a ed. aMILANObDALL'OGLIO CORBACCIO EDITORE c1956 [1° Ed.:1956] a300 p.  aTRADUZIONE DAL FRANCESE. INDICE ILLUSTRAZIONI. LA GUERRA SACRILEGA. KHADIGIA. LA MISSIONE. PERSECUZIONI. RISURREZIONE. CONVERSIONI DI HAMZA E OMAR. CRISTIANESIMO E ISLAM. MEDINA. EGIRA. BATTAGLIA DI BADR. GLI EBREI. OHOD. LA TRINCEA RASUL ALLA. IL CORANO. aSocietà San Paolo EM - Piazza San Paolo, 14 - 12051 ALBA (CN) (non commercial uses only) ® Copyright 2017 aTRADUZIONE DAL FRANCESE. INDICE ILLUSTRAZIONI. LA GUERRA SACRILEGA. KHADIGIA. LA MISSIONE. PERSECUZIONI. RISURREZIONE. CONVERSIONI DI HAMZA E OMAR. CRISTIANESIMO E ISLAM. MEDINA. EGIRA. BATTAGLIA DI BADR. GLI EBREI. OHOD. LA TRINCEA RASUL ALLA. IL CORANO. aBIOGRAFIE, UOMINI ILLUSTRI